Legal aspects in tourism and hospitality: (Record no. 2312)
[ view plain ]
| 000 -LEADER | |
|---|---|
| fixed length control field | 00716nam a2200181 4500 |
| 005 - DATE AND TIME OF LATEST TRANSACTION | |
| control field | 20240912115902.0 |
| 008 - FIXED-LENGTH DATA ELEMENTS--GENERAL INFORMATION | |
| fixed length control field | 240912b |||||||| |||| 00| 0 eng d |
| 020 ## - INTERNATIONAL STANDARD BOOK NUMBER | |
| International Standard Book Number | 978-621-406-298-0 |
| 082 ## - DEWEY DECIMAL CLASSIFICATION NUMBER | |
| Classification number | Fil. 343.59907891 C131 2022 |
| 100 ## - MAIN ENTRY--PERSONAL NAME | |
| Personal name | Cagurangan, Tranquilino R. Jr. |
| 245 ## - TITLE STATEMENT | |
| Title | Legal aspects in tourism and hospitality: |
| Remainder of title | the Philippine tourism law simplified / |
| Statement of responsibility, etc. | Tranquilino R. Cagurangan Jr. |
| 260 ## - PUBLICATION, DISTRIBUTION, ETC. | |
| Place of publication, distribution, etc. | Manila: |
| Name of publisher, distributor, etc. | Mindshapers, |
| Date of publication, distribution, etc. | c2022 |
| 300 ## - PHYSICAL DESCRIPTION | |
| Extent | xiv, 214p.: |
| Other physical details | ill. |
| 504 ## - BIBLIOGRAPHY, ETC. NOTE | |
| Bibliography, etc. note | Includes bibliographical references |
| 541 ## - IMMEDIATE SOURCE OF ACQUISITION NOTE | |
| Accession number | 7559 c.1, 7560 c.2, 7561 c.3 |
| 650 ## - SUBJECT ADDED ENTRY--TOPICAL TERM | |
| Topical term or geographic name entry element | Tourist trade - Legal status, laws, etct. - Philippines |
| 650 ## - SUBJECT ADDED ENTRY--TOPICAL TERM | |
| Topical term or geographic name entry element | Hospitality industry - Legal status, laws, etc. - Philippines |
| Withdrawn status | Lost status | Source of classification or shelving scheme | Damaged status | Not for loan | Home library | Current library | Date acquired | Total Checkouts | Full call number | Barcode | Date last seen | Copy number | Price effective from | Koha item type |
|---|---|---|---|---|---|---|---|---|---|---|---|---|---|---|
| Dewey Decimal Classification | ctu-moalboal | ctu-moalboal | 01/12/2024 | Fil. 343.59907891 C131 2022 | 7559 | 09/12/2024 | 1 | 09/12/2024 | Books-Filipiniana | |||||
| Dewey Decimal Classification | ctu-moalboal | ctu-moalboal | 01/12/2024 | Fil. 343.59907891 C131 2022 | 7560 | 09/12/2024 | 2 | 09/12/2024 | Books-Filipiniana | |||||
| Dewey Decimal Classification | ctu-moalboal | ctu-moalboal | 01/12/2024 | Fil. 343.59907891 C131 2022 | 7561 | 09/12/2024 | 3 | 09/12/2024 | Books-Filipiniana |